NBA Cup Leading Scorers - Statistics

General Stats
  • This quiz has been taken 20 times
  • The average score is 17 of 30
Answer Stats
PPG Player % Correct
32.5 Shai Gilgeous-Alexander
95%
30.6 Shai Gilgeous-Alexander
95%
31 Shai Gilgeous-Alexander
95%
33.2 Jalen Brunson
89%
36.2 Luka Doncic
89%
27.5 Luka Doncic
89%
33.8 Luka Doncic
89%
27.3 Damian Lillard
68%
28.7 Damian Lillard
68%
32.3 Nikola Jokic
68%
33.7 Stephen Curry
68%
31.3 Stephen Curry
68%
34.8 Anthony Edwards
63%
28 Anthony Edwards
63%
34.5 Kevin Durant
63%
26.5 Anthony Davis
58%
30.8 Jaylen Brown
58%
26.5 Jaylen Brown
58%
26 Jayson Tatum
53%
33.3 De’Aaron Fox
47%
34.5 De’Aaron Fox
47%
32.7 Donovan Mitchell
47%
30.7 Kawhi Leonard
47%
34 Joel Embiid
37%
38.3 Cade Cunningham
32%
30 LaMelo Ball
21%
30.5 Franz Wagner
11%
32 Giannis Antetokoumpo
11%
30.5 Giannis Antetokoumpo
11%
29 Giannis Antetokoumpo
11%
No matching quizzes found
Score Distribution
Percent of People with Each Score
Percentile by Number Answered
Your Score History
You have not taken this quiz